Ajustes electorales en los dos partidos mayoritarios
Gespeichert in:
| Format: | Text |
|---|---|
| Sprache: | Spanish |
| Schlagworte: | |
| Tags: |
Tag hinzufügen
Keine Tags, Fügen Sie den ersten Tag hinzu!
|
MARC
| LEADER | 00000 a a2200000 04500 | ||
|---|---|---|---|
| 001 | 6718 | ||
| 003 | cru IIS | ||
| 005 | 20220126124733.0 | ||
| 008 | 220126b |||||||| |||| 00| 0 spa d | ||
| 040 | |c cru IIS | ||
| 245 | |a Ajustes electorales en los dos partidos mayoritarios | ||
| 500 | |a Colección Centroamérica | ||
| 650 | |a PARTIDOS POLITICOS | ||
| 650 | |a IDEOLOGIAS POLITICAS | ||
| 650 | |a ELECCIONES | ||
| 650 | |a EL SALVADOR | ||
| 773 | |g volumen 26, número 1148; páginas 4-5 | ||
| 773 | 0 | |0 42115 |9 6525 |a Universidad Centroamericana José Simeón Cañas (UCA) |d San Salvador, El Salvador: Universidad Centroamericana José Simeón Cañas. Centro Universitario de Documentación e Información |o 00939 |t El Salvador Proceso: |x 02599864 | |
| 942 | |2 ddc |c PP | ||
| 999 | |c 34711 |d 34711 | ||
